000 00543nam a2200193Ia 4500
005 20250508162155.0
008 008 250505s9999 xx 000 0 eng d
020 _a0-03-038466-4
037 _aTextual
040 _aFEDL
_beng
_cFEDL
041 _aeng
_2eng
084 _a370.193, SCI
_qFEDL
100 _aScimecca Joseph A.
_9772496
245 0 _aEducation and society
260 _aNew York, USA
_bHolt, Rinehart and Winston
_c1980
300 _axii,306p
942 _cTEXL
_h370.193, SCI
999 _c1374816
_d1374816